Seguiremos siendos amigos?

Uloženo v:
Podrobná bibliografie
Hlavní autor: Danziger, Paula (Autor)
Médium: Kniha
Jazyk:španělština
Vydáno: Santiago Aguilar Chilena 1999
Vydání:1a. ed
Edice:Infantil y Juvenil
Témata:
Tagy: Přidat tag
Žádné tagy, Buďte první, kdo vytvoří štítek k tomuto záznamu!

MARC

LEADER 00000nam a2200000 a 4500
001 UCH9386
003 CL-VaPUC
008 100107e19990000CL |||||||||||||||||spa|d
020 |a 9562390683 
082 0 4 |a 813  |b DAN  |2 21 
100 0 |a Danziger, Paula  |e author  |9 546443 
245 1 0 |a Seguiremos siendos amigos? 
250 |a 1a. ed 
300 |a 107 p 
942 |c BK 
945 |d 20100107 00:00:00  |a rbrito 
260 |a Santiago  |b Aguilar Chilena  |c 1999 
650 0 |a Novelas estadounidenses  |9 265217 
583 |a last modification  |c 20100107 00:00:00  |k Rodrigo Vera 
490 0 |a Infantil y Juvenil 
999 |c 339371  |d 339369